Applied nutrition
Wedi'i Gadw mewn:
| Prif Awdur: | |
|---|---|
| Fformat: | Llyfr |
| Cyhoeddwyd: |
New Delhi
Oxford & IBH Publishing
1974
|
| Rhifyn: | 3rd ed. |
| Pynciau: | |
| Mynediad Ar-lein: | Visit NHRC Library |
| Tagiau: |
Ychwanegu Tag
Dim Tagiau, Byddwch y cyntaf i dagio'r cofnod hwn!
|
| LEADER | 00581nam a22001577a 4500 | ||
|---|---|---|---|
| 060 | |a QU 145 | ||
| 100 | 1 | |a Rajalakshmi, R. |9 1403 | |
| 245 | 1 | 0 | |a Applied nutrition |
| 250 | |a 3rd ed. | ||
| 260 | |a New Delhi |b Oxford & IBH Publishing |c 1974 | ||
| 300 | |a 548p. ; | ||
| 650 | 0 | |a Nutrition. |9 1175 | |
| 856 | |u http://nhrc.org.np/index.php?option=com_content&view=article&id=48&Itemid=53 |y Visit NHRC Library | ||
| 942 | |2 NLM |c BK | ||
| 952 | |0 0 |1 0 |2 NLM |4 0 |6 QU_145_000000000000000_RAJ_1974 |7 0 |9 1534 |a NHRC |b NHRC |c CART |d 2013-03-22 |l 0 |o QU 145/RAJ/1974 |p 000093 |r 2013-03-22 |w 2013-03-22 |y BK | ||
| 999 | |c 1493 |d 1493 | ||